000 00934cam a2200301 4500
001 4537321
003 TR-AnTOB
005 20260302130127.0
008 731001s1967 enka b 000 0 eng
010 _a 67088422
040 _aDLC
_cDLC
_dTR-AnTOB
_beng
_erda
041 _aeng
050 0 0 _aTP690
_b.G56 1967
090 _aTP690
_b.G56 1967
100 1 _aGoldstein, Richard Frank
_eauthor
_9152773
245 1 4 _aThe petroleum chemicals industry /
_c[by] Richard Frank Goldstein and A. Lawrence Waddams.
250 _aThird revised and enlarged ed.
264 1 _aLondon :
_bSpon,
_c1967.
300 _aiii-xiv, 523 pages :
_btables ;
_c25 cm
336 _atext
_btxt
_2rdacontent
337 _aunmediated
_bn
_2rdamedia
338 _avolume
_bnc
_2rdacarrier
504 _aBIB
650 0 _aPetroleum products
_9137959
700 1 _aWaddams, Austen Lawrence
_eauthor
_9152774
942 _2lcc
_cBK
999 _c200427612
_d45536